000 00748nam a22002537a 4500
003 OSt
005 20260601193859.0
008 260505b1959 ger||||| |||| 00| 0 ger d
020 _a[sin ISBN]
040 _aICI
_bSPA
_cICI
041 _ager
050 _aNK2715
_bS35 1959
082 _2749$223
245 _aSchrankwände und Wandschränke.
260 _aMünchen :
_bVerlag Georg D.W. Callwey,
_c1959.
300 _a80
_bilustraciones ;
_c30 cm.
650 _aArmarios empotrados.
_933589
650 _aMuebles integrados.
_933590
650 _aDiseño de muebles.
650 _aArquitectura de interiores.
650 _aAlmacenamiento en la vivienda.
_933593
710 _aVerlag Georg D.W. Callwey,
_eeditor.
_933594
942 _2lcc
_cB
_n1
999 _c22175
_d22175